Movies Quiz

Random Movies or Role Quiz
Score 0/18 Timer 07:00
0 Plays Today
% Correct
Beanatar
99.1%
Harry Bean
96.8%
Wolvebeane
96.6%
Superbean
96.4%
Pirates of the CaribBEAN
95.3%
Lord of the Beans
94.3%
The Dark Beanight
94%
The Beaning
93.8%
Capbean America
93.6%
% Correct
Beaniator
93.4%
Black Bean
91.9%
The Beanfather
91.7%
Terbeanator 2: Judgment Day
91.7%
Hellbean
91.3%
Bean Fiction
91.3%
Mad Bean: Fury Road
87.2%
The 40-Bean-Old Virgin
83.4%
Rebean Without a Cause
70.6%

You're not logged in!

Compare scores with friends on all Sporcle quizzes.
OR
Log In

Sporcle TV

Today on Sporcle TV


Watch our educational content, quiz creation guides, and fun videos on Sporcle TV.

Show Comments

Extras

Top Quizzes Today


Score Distribution

Paid Content

Your Account Isn't Verified!

In order to create a playlist on Sporcle, you need to verify the email address you used during registration. Go to your Sporcle Settings to finish the process.

Report this User

Report this user for behavior that violates our Community Guidelines.

Details: